000 00493nam a22001697a 4500
003 NUST - PNEC
005 20170116181005.0
008 150912b xxu||||| |||| 00| 0 eng d
020 _a089006797X
040 _cLIBRARY
082 _a621.381325 ABR
100 _99779
_aAbrie, Pieter L. D.
245 _aDesign of RF and microwave amplifiers and oscillators
_cPieter L. D. Abrie
260 _cc.1999
650 _99780
_aMicrowave amplifiers--Design and construction
_xEL
942 _2ddc
_cBK
999 _c66866
_d66866